Detalles MARC
| 000 -LEADER |
| fixed length control field |
01598nam a2200337 a 4500 |
| 005 - FECHA ULTIMA MODIFICACION |
| control field |
20241202091239.0 |
| 008 - CAMPO DE CONTROL (LIBRO) |
| fixed length control field |
100311s2012||||mx a f |||| 001 0 spa d |
| 020 ## - INTERNATIONAL STANDARD BOOK NUMBER |
| ISBN |
9781456263560 |
| 041 ## - CODIGO DE IDIOMA |
| Código de idioma del texto/pista de sonido o título separado |
spa |
| 092 ## - SIGNATURA TOPOGRAFICA DEWEY LOCAL |
| número de clasificación |
615 |
| libristica |
8 |
| sección |
BRU |
| 100 1# - ENTRADA PRINCIPAL--NOMBRE PERSONAL |
| Nombre personal |
Brunton, Laurence L. |
| Función |
Ed. |
| 9 (RLIN) |
555 |
| 245 ## - TITULO PROPIAMENTE DICHO |
| Título |
Goodman & Gilman. |
| Subtítulo y Título paralelo |
Las bases farmacológicas de la terapéutica / |
| Mención de responsabilidad y remanente de la transcripción de la portada |
Laurence L. Brunton |
| 250 ## - MENCION DE EDICION |
| Mención de edición |
13a ed. |
| Mención de responsabilidad relacionada con la ed. |
Traducción Carlos Timossi Baldi |
| 260 ## - PIE DE IMPRENTA |
| Lugar de publicación, distribución, etc |
México: |
| Nombre de la editorial, distribuidor, etc |
McGraw-Hill Interamericana; |
| Fecha de publicación |
2019. |
| 300 ## - DESCRIPCION FISICA |
| Extension |
1419 p. |
| 500 ## - NOTA GENERAL |
| Nota general |
Brunton, L., Randa H. D. y Knollmann, B. (Eds). (2019). Goodman & Gilman. Las bases farmacológicas de la terapéutica. (13a ed.). México : McGraw-Hill Interamericana. |
| 653 ## - TÉRMINO INDIZADO - PALABRAS CLAVES |
| Palabra clave |
Principios generales |
| 653 ## - TÉRMINO INDIZADO - PALABRAS CLAVES |
| Palabra clave |
Neurofarmacología |
| 653 ## - TÉRMINO INDIZADO - PALABRAS CLAVES |
| Palabra clave |
Modulación de las funciones cardiovasculares |
| 653 ## - TÉRMINO INDIZADO - PALABRAS CLAVES |
| Palabra clave |
Inflamación, inmunomodelación y hematopoyesis |
| 653 ## - TÉRMINO INDIZADO - PALABRAS CLAVES |
| Palabra clave |
Hormonas y antagonistas hormonales |
| 653 ## - TÉRMINO INDIZADO - PALABRAS CLAVES |
| Palabra clave |
Fármacos que modifican la función gastrointestinal |
| 653 ## - TÉRMINO INDIZADO - PALABRAS CLAVES |
| Palabra clave |
Quimioterapia de las enfermedades microbianas |
| 653 ## - TÉRMINO INDIZADO - PALABRAS CLAVES |
| Palabra clave |
Tratamiento farmacológico de las enfermedades neoplásicas |
| 653 ## - TÉRMINO INDIZADO - PALABRAS CLAVES |
| Palabra clave |
Farmacología de aparatos y sistemas especiales |
| 653 ## - TÉRMINO INDIZADO - PALABRAS CLAVES |
| Palabra clave |
Apéndice I: Principios de la redacción de prescripciones médicas (recetas) e instrumentos para el apego del paciente a la prescripción |
| 653 ## - TÉRMINO INDIZADO - PALABRAS CLAVES |
| Palabra clave |
Apéndice II: Diseño y optimización de regímenes posológicos: datos farmacocinéticos |
| 700 1# - ENTRADAS SECUNDARIAS - NOMBRE PERSONAL |
| Nombre personal |
Randa, Hilal-Dandan |
| 9 (RLIN) |
1956 |
| Función |
Ed. |
| 700 1# - ENTRADAS SECUNDARIAS - NOMBRE PERSONAL |
| Nombre personal |
Knollmann, Björn C. |
| 9 (RLIN) |
1957 |
| Función |
Ed. |
| 942 ## - ADDED ENTRY ELEMENTS (KOHA) |
| Source of classification or shelving scheme |
Dewey Decimal Classification |
| Item type |
Libros |
| Koha issues (borrowed), all copies |
5 |